Un modelo simple de equilibrio general (Registro nro. 24758)

Detalles MARC
000 -LEADER
fixed length control field 00354 a2200121 4500
001 - CONTROL NUMBER
control field ART_10460
005 - DATE AND TIME OF LATEST TRANSACTION
control field 20260410161848.0
008 - FIXED-LENGTH DATA ELEMENTS--GENERAL INFORMATION
fixed length control field 260409a
100 1# - MAIN ENTRY--PERSONAL NAME
Personal name Diéguez, Héctor L.
245 10 - TITLE STATEMENT
Title Un modelo simple de equilibrio general
700 1# - ADDED ENTRY--PERSONAL NAME
Personal name Porto, Alberto
773 0# - HOST ITEM ENTRY
Title Económica
Related parts - Año XIX, Nº 1 (ene./abr. 1973)
Record control number REV7541

No hay ítems disponibles.